000 00504nam a2200181 a 4500
001 1775634810625
003 YourLibrary
005 20260408132851.0
008 260408s2008##################000#0#eng##
020 _a9780737739282
082 0 4 _a347.7312
_bHIB
100 1 _aHiber, Amanda,
_eauthor.
245 1 0 _aShould Cameras be Allowed in Courtrooms? :
260 _bGreenhaven Publishing,
_c2008.
650 0 _aYoung Adult Nonfiction.
942 _cENGLISH
040 _aYourLibrary
_beng
_cYourLibrary
999 _c619149
_d619149